=LDR 00000nam 2200000 4500 =001 INLIS000000000023273 =005 20130612121941 =008 ***********************************Ind** =035 ##$$0010-061300000023273 =041 ##$$a Ind =082 ##$$a 346.043 =090 ##$$a 346.043, San h =100 ##$$a Santosos, Urip =245 ##$$a Hukum agraria hak-hak atas tanah, Urip Santoso, SH., MH =260 ##$$a 2005 $b Jakarta =300 ##$$a xvi, 350 hlm, 21 cm =650 ##$$a Hukum Agraria =850 ##$$a NBPNMAT